000
00316nam a22001337a 4500
003
SGT
020
_a
9783540753865
082
_a
629.892,JEF
100
_a
JEFFERIES, MARGARET E.
245
_a
ROBOTICS AND CONGNITIVE APPROACHES TO SPATIAL
260
_a
NEW DELHI
_b
SPRINGER
_c
2008
300
_a
328
942
_2
ddc
_c
BK
999
_c
33342
_d
33342